000 00712nam a2200241Ia 4500
003 OSt
005 20220925225858.0
006 a|||||r|||| 00| 0
007 ta
008 220923b |||||||| |||| 00| 0 eng d
037 _cGeneral Book
040 _aRTL
_cRTL
_beng
041 _2eng
_aeng
082 _aX:97.5.N6, K9
100 _aEmery F E
_9135992
245 0 _aForm and content in industrial democracy
260 _aLondon
_bTavistock UK
_c1969
300 _ax, 116p. Bib. p 110-11, Appendix p 88-109
_ccm.
650 _aIndustrial Relation
700 _a Thorsrud Einar
_9275950
942 _hX:97.5.N6, K9
_cGB
_2CC
999 _c584365
_d584365